Statistics for Only 20 Countries on the World Map #5

Click here to take the quiz!

General Stats

  • This quiz has been taken 1,804 times
  • The average score is 18 of 20

Answer Stats

Country % Correct
Norway
99%
Denmark
99%
Algeria
98%
Indonesia
98%
Spain
97%
Iran
94%
Laos
93%
Venezuela
92%
Myanmar
91%
Oman
90%
Mozambique
90%
Suriname
89%
Haiti
88%
Mauritania
87%
Dominican Republic
87%
Angola
87%
Romania
84%
Nicaragua
81%
Serbia
80%
Guinea
78%

Score Distribution

Percentile by Number Answered

Percent of People with Each Score

Your Score History

You have not taken this quiz